000 00946cam a2200289 a 4500
001 000004354
005 20200929151428.0
008 720419s1996 sp 000 f spa d
020 _a8420646032
040 _aDO-SdBNP
_cODaWU
_dOCoLC
_dRPB
_dVtMiM
_dDLC
041 1 7 _aspa
_heng
_2Código de idioma MARC
082 _a813.52
_bL897h
100 1 _aLovecraft, H. P.
_d1890-1937
_912830
240 1 0 _aThe Dunwich horror.
_lEspañol
245 1 3 _aEl horror de Dunwich /
_cH. P. Lovecraft ; traducción de Aurelio Martínez Benito.
260 _aMadrid :
_bAlianza,
_c1996.
300 _a95 p. ;
_c15 cm.
490 1 _aAlianza cien
_v3
534 _aTítulo original:
_tThe Dunwich horror
650 4 _aNovela estadounidense
_9262
650 4 _aLiteratura estadounidense
_9263
700 1 _aMartínez Benito, Aurelio,
_etr.
_912831
830 0 _aAlianza cien ;
_v3
_912832
910 _aCatalogación por copia / LC
910 _aWM
049 _aBNGR
999 _c4163
_d4163